1006 1421 1462 1243 1303 1308 1168 1620 1847 1905 1036 1403 1676 1079 1383 1869 1778 1608 1563 1713 1814 1222 1099 1280 1341 1114 1921 1583 1320 1849 1497 1092 1006 1514 1551 1437 1247 1346 1501 1293 1811 1219 1927 1326 1464 1950 1892 1235 1742 1468 1975 1657 1564 1569 1629 1908 1271 1170 1928 1444 1672 1352 1436 1462 1335 1471 1836 1532 1131 1465 1965 1200 1499 1433 1867 1818 1272 1102 1757 1887 1496 1402 1485 1732 1035 1376 1570 1235 1947 1495 1547 1351 1482 1527 1018 1330 1770 1846 1666 BCNSPRNW ULIB Ver.6.0+V

เปลี่ยนเป็นภาษาไทย

Change to English
 แสดงรายละเอียดบรรณานุกรม
  กลับหน้าหลัก

Brief Record : Get Marc (ISO 2709) : E-mail record : QR code < ปิดหน้าต่าง
LEADER : 00000nas 2200000uu 4500
001    13399123105
003     ULIB
008    140204sllll||||th 000 0 tha d
022 0  01258885
110 1  คณะพยาบาลศาสตร์ มหาวิทยาลัยมหิดล
245 00 ^aวารสารพยาบาลศาสตร์/คณะพยาบาลศาสตร์ มหาวิทยาลัยมหิดล
310    ^aรายสามเดือน
945    ^p0^l0^i902023
999    ^aกมลทิพย์ ธนสารสุธี
รายการนี้ยังไม่มีแท็ก
คุณยังไม่ได้ล็อกอิน คุณสามารถมีกิจกรรมร่วมกับเว็บไซต์ได้ แต่ต้องล็อกอินก่อน ::
  ล็อกอิน

รายการสื่อสารสนเทศ (วารสาร)

ดูแบบ: กล่อง รายการ
ARRIVED
ปีที่ 23 ฉบับที่ 3
สถานที่: ห้องสมุดวิทยาเขตสวรรค์ประชารักษ์ >วารสาร
รายการใกล้เคียง
    ชื่อเรื่อง [วารสารพยาบาลศาสตร์/คณะพยาบาลศาสตร์ มหาวิทยาลัยมหิดล]

BibComment


ยังไม่เคยถูกคอมเมนท์

คอมเมนท์ทรัพยากรรายการนี้
  คอมเมนท์: วารสารพยาบาลศาสต..


 Copyright 2026. Bcnsprnw @Library